000 00591nam a2200241Ia 4500
003 OSt
005 20220924142145.0
006 a|||||r|||| 00| 0
007 ta
008 220923b |||||||| |||| 00| 0 ben d
020 _c10
024 _a300594
037 _cTextual
040 _aARTS
_cARTS
_bben
041 _2ben
_aben
082 _aR66, 157K6
100 _aKar Minati
_9212965
245 0 _aAdvaitavedante pratyaksa pramasv arup vicar
260 _c1966
650 _aPHILOSOPHY
942 _hR66, 157K6
_cTEXL
_2CC
999 _c449478
_d449478